Aufenthalt Lied für Guitarre und Gesang /
| Main Author: | Schubert, Franz, 1797-1828 |
|---|---|
| Other Authors: | Quast, J. |
| Language: | German |
| Published: |
Mainz : B. Schott's Söhne, [1918?] |
| Series: |
Edition Schott Einzel-Ausgabe
|
| Physical Description: |
5 s. |
| LEADER | 00819ncm a22002412a 4500 | ||
|---|---|---|---|
| 001 | 000459551 | ||
| 003 | CZ BrMZK | ||
| 005 | 20130410104543.0 | ||
| 007 | qu | ||
| 008 | 000105s1918 gw f ger d | ||
| 040 | |a BOA001 |b cze | ||
| 072 | 7 | |a 784 |x Vokální hudba |2 Konspekt |9 9 | |
| 100 | 1 | |a Schubert, Franz, |d 1797-1828 |7 jn19990007813 |4 cmp | |
| 245 | 1 | 0 | |a Aufenthalt |h [hudebnina] : |b Lied für Guitarre und Gesang / |c Franz Schubert ; Bearb. von J. Quast |
| 260 | |a Mainz : |b B. Schott's Söhne, |c [1918?] | ||
| 300 | |a 5 s. | ||
| 490 | 1 | |a Edition Schott Einzel-Ausgabe ; |v 04665 | |
| 700 | 1 | |a Quast, J. |4 arr | |
| 830 | 0 | |a Edition Schott Einzel-Ausgabe | |
| 910 | |a BOA001 |b Mus4-0276.183 | ||
| 990 | |a MU | ||
| 991 | |b 201008 | ||
| 996 | 6 | |b 2619769347 |c Mus4-0276.183 |l MZK |r Sklad / do 1 hodiny |n 1 |w 000459551 |u 000010 |a 1 |e BOA001 |j MZK50 |s P | |
English
Čeština 